[Event "16th Izmailov Mem"]
[Site "Tomsk RUS"]
[Date "2012.08.08"]
[Round "2.17"]
[White "Denisov,L"]
[Black "Makarenko,Zakhar"]
[Result "1-0"]
[WhiteElo "2346"]
[BlackElo "1844"]

1.e4 c5 2.Nf3 d6 3.d4 cxd4 4.Nxd4 Nf6 5.Nc3 a6 6.Be3 e5 7.Nb3 Be7 8.Qe2 Be6
9.f4 exf4 10.Bxf4 Nc6 11.h3 Rc8 12.O-O-O Qc7 13.Kb1 b5 14.g4 O-O 15.g5 Nd7
16.Nd5 Bxd5 17.exd5 Nce5 18.h4 Rfe8 19.h5 f6 20.g6 h6 21.Nd4 Bf8 22.Bh3 Kh8
23.Qg2 Qb7 24.Rhg1 Rb8 25.Bxh6 Nb6 26.Bc1 Qxd5 27.Qg3 Ned7 28.h6 Qe5 29.Qh4 Kg8
30.hxg7 Bxg7 31.Qh7+ Kf8 32.Bh6  1-0

[Event "16th HZ Open"]
[Site "Vlissingen NED"]
[Date "2012.08.08"]
[Round "6"]
[White "Willemze,T"]
[Black "Roos,Ad"]
[Result "1-0"]
[WhiteElo "2387"]
[BlackElo "2190"]

1.e4 c5 2.Nf3 d6 3.d4 cxd4 4.Nxd4 Nf6 5.Nc3 a6 6.Be3 e5 7.Nde2 Be6 8.f4 g6
9.g3 Nbd7 10.h3 h5 11.Bg2 b5 12.O-O b4 13.Nd5 Bxd5 14.exd5 Bg7 15.a3 a5 16.axb4 axb4
17.Qd2 Rb8 18.Ra6 Qe7 19.fxe5 dxe5 20.d6 Qe6 21.Ba7 Bh6 22.Nf4 Qc4 23.Rc6 Ne4
24.Qd5 Qxd5 25.Nxd5 O-O 26.Bxe4  1-0

[Event "16th Izmailov Mem"]
[Site "Tomsk RUS"]
[Date "2012.08.09"]
[Round "3.15"]
[White "Kozlitin,R"]
[Black "Tarasov,Sergey Ivan"]
[Result "1-0"]
[WhiteElo "2341"]
[BlackElo "2073"]

1.e4 c5 2.Nf3 d6 3.d4 cxd4 4.Nxd4 Nf6 5.Nc3 a6 6.Be3 e6 7.f3 b5 8.Qd2 Bb7
9.O-O-O Nbd7 10.g4 h6 11.h4 b4 12.Nce2 d5 13.exd5 Bxd5 14.Kb1 Nxg4 15.Bh3 Nxe3
16.Qxe3 Qb6 17.Nf4 Nf6 18.Nxd5 Nxd5 19.Qe4 Bc5 20.Bxe6 fxe6 21.Qg6+ Kd7 22.Qxg7+ Be7
23.Rhe1 Rag8 24.Qf7 Rf8 25.Qh5 Rf6 26.Nxe6 Rxe6 27.Qxd5+ Rd6 28.Qe6+ Kc6
29.Qxe7  1-0

[Event "Miguel Najdorf Open A"]
[Site "Warsaw POL"]
[Date "2012.08.09"]
[Round "4.11"]
[White "Wojciechowski,Pi"]
[Black "Winiarski,M"]
[Result "1-0"]
[WhiteElo "2314"]
[BlackElo "2031"]

1.e4 c5 2.Nf3 d6 3.d4 cxd4 4.Nxd4 Nf6 5.Nc3 a6 6.Be3 Nbd7 7.f3 e6 8.Qd2 b5
9.Bd3 Bb7 10.a3 Rc8 11.O-O d5 12.exd5 Nxd5 13.Nxd5 Bxd5 14.a4 e5 15.Rfe1 exd4
16.Bg5+ Be7 17.Bxe7 Qxe7 18.Rxe7+ Kxe7 19.Qg5+ Nf6 20.Qe5+ Be6 21.axb5 axb5
22.Ra7+ Nd7 23.Qxd4 Rhd8 24.Qxg7 b4 25.Qg5+ Ke8 26.Qg8+ Ke7 27.Qxh7 b3 28.c3 Ra8
29.Qh4+ Ke8 30.Qh8+ Ke7 31.Rxa8 Rxh8 32.Rxh8 Nc5 33.Bb5  1-0

[Event "Euro Chess Tournament GpA 2012"]
[Site "Borne NED"]
[Date "2012.08.10"]
[Round "7"]
[White "Kollen,Z"]
[Black "Maris,Iv"]
[Result "1-0"]
[WhiteElo "2147"]
[BlackElo "2044"]

1.e4 c5 2.Nf3 d6 3.d4 cxd4 4.Nxd4 Nf6 5.Nc3 a6 6.Be3 e6 7.f3 b5 8.Qd2 Nbd7
9.g4 h6 10.Bd3 Bb7 11.O-O-O b4 12.Nce2 d5 13.exd5 Nxd5 14.Kb1 Nc5 15.Bf2 Rc8
16.Nb3 Be7 17.h4 Na4 18.Be4 Bf6 19.Bd4 Bxd4 20.Nexd4 Ndc3+ 21.bxc3 Bxe4 22.fxe4 Nxc3+
23.Ka1 Nxd1 24.Rxd1 O-O 25.g5 h5 26.Qe2 Qc7 27.Kb1 a5 28.e5 a4 29.Nc1 g6
30.Qe4 Qc4 31.Qd3 Qd5 32.Nf3 Qa5 33.Qe4 Qb5 34.Rd4 Rb8 35.Nd2 Rfc8 36.Nd3 b3
37.axb3 axb3 38.Nxb3 Ra8 39.Rb4 Qa6 40.Ndc1 Ra7 41.Qd3 Qc6 42.Rd4 Qc7 43.Rd6 Rb8
44.Qd4 Rc8 45.c4 Ra4 46.Nd2 Qa5 47.Ncb3 Rb4 48.Kc1 Qa3+ 49.Qb2 Qa8 50.Qc3 Qa3+
51.Kd1 Rcb8 52.Rd3 Kg7 53.Ke2 Qa8 54.Rf3 Qa2 55.Nc1 Qa6 56.Nd3 R4b6 57.Nc5 Qc8
58.Qd4 Rb2 59.Qd7 Qxd7 60.Nxd7 Rd8 61.Rd3 Rb7 62.Nc5 Rxd3 63.Nxb7 Rc3 64.c5 Kf8
65.Ne4  1-0

[Event "Euro Chess Tournament GpA 2012"]
[Site "Borne NED"]
[Date "2012.08.10"]
[Round "7"]
[White "Senders,Justin"]
[Black "Sanders,Catheleijne"]
[Result "1/2-1/2"]
[WhiteElo "1913"]
[BlackElo "1800"]

1.e4 c5 2.Nf3 d6 3.d4 cxd4 4.Nxd4 Nf6 5.Nc3 a6 6.Be3 e6 7.f3 Qc7 8.g4 b5
9.Qd2 Nc6 10.O-O-O Be7 11.Kb1 Ne5 12.g5 Nfd7 13.Qf2 Bb7 14.h4 Nc5 15.Bxb5+ axb5
16.Ndxb5 Qc6 17.Nxd6+ Bxd6 18.Rxd6 Qxd6 19.Bxc5 Qc6 20.Qd4 f6 21.gxf6 gxf6
22.f4 Nd7 23.Ba3 Rxa3 24.bxa3 Qb6+ 25.Qb4 Bc6 26.Rd1 Qxb4+ 27.axb4 Ke7 28.b5 Rb8
29.a4 Nc5 30.Ka2 Nxe4 31.Nxe4 Bxe4 32.Kb3 Rd8 33.Rxd8 Kxd8 34.c4 Kc7 35.c5 Bd3
36.Kc3 Be2 37.Kd2 Bh5 38.a5 Be8 39.c6 Kd6 40.a6 Bxc6 41.bxc6 Kxc6 42.Ke3 Kb6
43.Kd4 Kxa6 44.Kc5 e5 45.fxe5 fxe5 46.Kd5 Kb7  1/2-1/2

[Event "Miguel Najdorf Open A"]
[Site "Warsaw POL"]
[Date "2012.08.10"]
[Round "6.18"]
[White "Jarmula,L"]
[Black "Zaczek,J"]
[Result "1-0"]
[WhiteElo "2149"]
[BlackElo "2096"]

1.e4 c5 2.Nf3 d6 3.d4 cxd4 4.Nxd4 Nf6 5.Nc3 a6 6.Be3 e6 7.f3 b5 8.Qd2 Nbd7
9.g4 h6 10.O-O-O b4 11.Nce2 Qc7 12.h4 d5 13.Bf4 e5 14.Bh2 dxe4 15.g5 hxg5
16.hxg5 Rxh2 17.Rxh2 exd4 18.Rh8 Nd5 19.Qxd4 Bb7 20.fxe4 N5b6 21.Qxb4 O-O-O
22.Qb3 Bc5 23.Rxd8+ Qxd8 24.Qxf7 Qxg5+ 25.Kb1 Qe5 26.Bh3 Qe7 27.Qg8+ Kc7
28.Nf4 Bxe4 29.Ne6+ Kb7 30.Re1 Bd5 31.Nxc5+ Qxc5 32.Be6 Bxe6 33.Qxe6 Qd4
34.c3 Qd2 35.Rg1 Qd3+ 36.Kc1 Nc4 37.Rd1  1-0

[Event "Euro Chess Tournament GpA 2012"]
[Site "Borne NED"]
[Date "2012.08.11"]
[Round "9"]
[White "Kollen,Z"]
[Black "Maatman,Nick"]
[Result "1-0"]
[WhiteElo "2147"]
[BlackElo "2123"]

1.e4 c5 2.Nf3 d6 3.d4 cxd4 4.Nxd4 Nf6 5.Nc3 a6 6.Be3 e6 7.a4 Be7 8.a5 d5
9.e5 Nfd7 10.f4 Nc6 11.Nb3 Bb4 12.Bd2 f6 13.Bd3 Qe7 14.exf6 Qxf6 15.O-O Nc5
16.Nxc5 Bxc5+ 17.Kh1 Bd4 18.f5 Be5 19.Qh5+ Qf7 20.Qh3 Bxc3 21.Bxc3 d4 22.fxe6 Bxe6
23.Rae1 O-O-O 24.Rxe6 Qd7 25.Rxc6+ bxc6 26.Bf5  1-0

[Event "16th HZ Open"]
[Site "Vlissingen NED"]
[Date "2012.08.11"]
[Round "9"]
[White "Popilski,G"]
[Black "Esen,B"]
[Result "1-0"]
[WhiteElo "2460"]
[BlackElo "2587"]

1.e4 c5 2.Nf3 d6 3.d4 cxd4 4.Nxd4 Nf6 5.Nc3 a6 6.Be3 e5 7.Nf3 Qc7 8.Be2 Be7
9.a4 O-O 10.O-O Be6 11.Ng5 Bd7 12.Qd2 h6 13.Nf3 Be6 14.a5 Nbd7 15.Rfd1 Rac8
16.Ne1 Rfd8 17.f3 Nc5 18.Nd5 Bxd5 19.exd5 Rf8 20.b4 Ncd7 21.c4 Nh7 22.c5 Bg5
23.c6 bxc6 24.Bxa6 Ra8 25.Bf1 Bxe3+ 26.Qxe3 cxd5 27.Rxd5 Nhf6 28.Rd2 d5 29.Rc2 Qd6
30.b5 d4 31.Qa3 Qe6 32.Rc6 Qf5 33.b6 e4 34.b7 Rad8 35.a6 Ne5 36.Rd6 exf3
37.Nxf3 d3 38.Rxd8 Rxd8 39.Qa5 Nxf3+ 40.gxf3 Qg6+ 41.Kh1 Re8 42.Re1  1-0

[Event "FSIMA August 2012"]
[Site "Budapest HUN"]
[Date "2012.08.12"]
[Round "9.5"]
[White "Lengyel,B"]
[Black "Galyas,M"]
[Result "1/2-1/2"]
[WhiteElo "2258"]
[BlackElo "2412"]

1.e4 c5 2.Nf3 d6 3.d4 cxd4 4.Nxd4 Nf6 5.Nc3 a6 6.Be3 e6 7.g4 e5 8.Nf5 Nc6
9.Bg2 g6 10.Qe2 gxf5 11.exf5 Rg8 12.h3 h5 13.Bf3 Bh6 14.O-O-O Bxe3+ 15.Qxe3 Kf8
16.Qh6+ Rg7 17.Qh8+ Rg8 18.Qh6+ Rg7 19.Bxc6 bxc6 20.Qh8+ Rg8 21.Qh6+ Rg7
22.Qh8+ Ng8 23.Ne4  1/2-1/2

[Event "II Brazil Maringa Open"]
[Site "Maringa BRA"]
[Date "2012.08.12"]
[Round "9.35"]
[White "Barbosa,Jefferson Lucas Munhoz"]
[Black "Brito,L"]
[Result "0-1"]
[WhiteElo "1829"]
[BlackElo "2275"]

1.e4 c5 2.Nf3 d6 3.d4 cxd4 4.Nxd4 Nf6 5.Nc3 a6 6.Be3 h5 7.Qd2 e6 8.f3 Bd7
9.Be2 Nc6 10.Nb3 b5 11.O-O Be7 12.a4 b4 13.Na2 Qb8 14.Nac1 d5 15.exd5 Nxd5
16.Bc5 O-O 17.Nd3 Rd8 18.f4 g6 19.Bf3 Be8 20.Qf2 Bf6 21.g4 hxg4 22.Bxg4 Nce7
23.h4 Nf5 24.h5 a5 25.hxg6 fxg6 26.Rfd1 Qc7 27.Nd2 Bc6 28.Nc4 Bh4 29.Qh2 Qh7
30.Nde5 Bb7 31.Rd3 Nde7 32.Bf3 Rxd3 33.cxd3 Nd5 34.Kf1 Qh6 35.Ng4 Qg7 36.Nge5 Rc8
37.d4 Ba6 38.Kg1 Qh6 39.Kh1 Qxf4 40.Rg1 Qxh2+ 41.Kxh2 Nfe7 42.Nxg6 Nxg6 43.Rxg6+ Kf7
44.Bh5 Rh8 45.Rg5+ Rxh5 46.Rxh5 Kg7 47.Nd6 Kg6 48.Rh8 Bg3+ 49.Kg2 Bxd6 50.Bxd6 Bc4  0-1

[Event "16th Izmailov Mem"]
[Site "Tomsk RUS"]
[Date "2012.08.12"]
[Round "6.7"]
[White "Denisov,L"]
[Black "Gankin,S"]
[Result "1-0"]
[WhiteElo "2346"]
[BlackElo "2254"]

1.Nf3 c5 2.e4 d6 3.d4 cxd4 4.Nxd4 Nf6 5.Nc3 a6 6.Be3 e6 7.f3 b5 8.Qd2 Bd7
9.g4 h6 10.O-O-O Nc6 11.Kb1 Ne5 12.a3 Nc4 13.Bxc4 bxc4 14.h4 Rb8 15.g5 Ng8
16.Nce2 Ne7 17.f4 d5 18.e5 h5 19.Qc3 g6 20.Ng3 Nc8 21.Bc1 Nb6 22.Qf3 Qc7
23.Rhe1 Na4 24.Ka2 Bc5 25.Nde2 Bc6 26.f5 gxf5 27.Nxh5 Rxh5 28.Qxh5 Qb7 29.g6 Bf8
30.Qh7 fxg6 31.Qxg6+ Kd8 32.Nd4 Bd7 33.Nxe6+ Bxe6 34.Qxe6 Nc3+ 35.Ka1 Be7
36.Rg1 Nxd1 37.Rg8+ Kc7 38.Qxe7+ Kb6 39.Qd6+ Ka7 40.Rxb8 Qxb8 41.Qxd5 c3
42.Qxd1 Qxe5 43.bxc3 Qxc3+ 44.Bb2 Qc6 45.Qg1+ Kb7 46.Qg7+  1-0

[Event "Miguel Najdorf Open A"]
[Site "Warsaw POL"]
[Date "2012.08.13"]
[Round "8.9"]
[White "Wojciechowski,Pi"]
[Black "Solnicki,M"]
[Result "1-0"]
[WhiteElo "2314"]
[BlackElo "2141"]

1.e4 c5 2.Nf3 d6 3.d4 cxd4 4.Nxd4 Nf6 5.Nc3 a6 6.Be3 e5 7.Nb3 Be6 8.f3 h5
9.Qd2 Nbd7 10.Qf2 b5 11.a3 Rc8 12.Bd3 d5 13.exd5 Nxd5 14.Nxd5 Bxd5 15.O-O Bc4
16.Rfd1 Bxd3 17.Rxd3 Qc7 18.Rad1 Nf6 19.Bb6 Qc6 20.Na5  1-0

[Event "Miguel Najdorf Open A"]
[Site "Warsaw POL"]
[Date "2012.08.13"]
[Round "8.25"]
[White "Sujkowski,P"]
[Black "Kaczorowski,P"]
[Result "1-0"]
[WhiteElo "1970"]
[BlackElo "2116"]

1.e4 c5 2.Nf3 d6 3.d4 cxd4 4.Nxd4 Nf6 5.Nc3 a6 6.Be3 e6 7.f3 Qc7 8.Qd2 Nc6
9.g4 Be7 10.O-O-O Nd7 11.Kb1 Nce5 12.Rg1 b5 13.f4 Nc4 14.Bxc4 Qxc4 15.f5 b4
16.Nce2 e5 17.b3 Qc7 18.Nf3 a5 19.g5 Bb7 20.Ng3 Nc5 21.Bxc5 dxc5 22.f6 gxf6
23.gxf6 Bxf6 24.Nh5 Ra6 25.Nxf6+ Rxf6 26.Nxe5 Re6 27.Nc4 Bxe4 28.Nd6+ Kf8
29.Nxe4 Rxe4 30.Qh6+ Ke8 31.Qf6 Rf8 32.Rge1 Re6 33.Rxe6+ fxe6 34.Qxe6+ Qe7
35.Qc6+ Kf7 36.Rd7  1-0

[Event "FSIMB August 2012"]
[Site "Budapest HUN"]
[Date "2012.08.14"]
[Round "11.3"]
[White "Grimm,D"]
[Black "Samhouri,A"]
[Result "0-1"]
[WhiteElo "2171"]
[BlackElo "2373"]

1.e4 c5 2.Nf3 d6 3.d4 cxd4 4.Nxd4 Nf6 5.Nc3 a6 6.Be3 e5 7.Nb3 Be6 8.Qd2 Be7
9.O-O-O b5 10.f4 Nbd7 11.f5 Bc4 12.g4 Nxg4 13.Rg1 Nxe3 14.Qxe3 Bxf1 15.Rdxf1 h6
16.Kb1 Bg5 17.Qg3 Nb6 18.Rd1 Qc7 19.h4 Bf6 20.Rg2 Rc8 21.Qf2 b4 22.Nd5 Nxd5
23.Rxd5 O-O 24.Na5 Rb8 25.Qf1 Rb5 26.Rxb5 axb5 27.Qxb5 Qa7 28.Qxb4 Ra8 29.Nb3 Qxa2+
30.Kc1 Bxh4 31.Qxd6 Bg5+ 32.Rxg5 hxg5 33.Qxe5 Qa6 34.Qd5 Qf1+ 35.Kd2 Re8
36.Nc5 Qf2+ 37.Kc3 g4 38.Qc6 Rd8 39.Nd3 Qd4+ 40.Kd2 g3  0-1

[Event "Miguel Najdorf Open A"]
[Site "Warsaw POL"]
[Date "2012.08.14"]
[Round "9.5"]
[White "Wojciechowski,Pi"]
[Black "Jakubowski,K"]
[Result "0-1"]
[WhiteElo "2314"]
[BlackElo "2523"]

1.e4 c5 2.Nf3 d6 3.d4 cxd4 4.Nxd4 Nf6 5.Nc3 a6 6.Be3 e6 7.f3 b5 8.Qd2 Nbd7
9.g4 Nb6 10.g5 Nfd7 11.O-O-O Bb7 12.Rg1 Rc8 13.Qf2 b4 14.Nb1 d5 15.f4 Nc5
16.Nb3 Nxe4 17.Bxb6 Nxf2 18.Bxd8 Rxd8 19.Rd4 Ne4 20.N1d2 Bd6 21.Nxe4 dxe4
22.Rg4 h5 23.Rh4 Ke7 24.Bg2 Bd5 25.Kb1 Bxb3 26.axb3 e3 27.Bf1 Bc5 28.Rd3 Rxd3
29.cxd3 g6 30.d4 Bxd4 31.f5 e5 32.f6+ Ke6 33.Bh3+ Kd6 34.Kc2 a5 35.Kd3 Ra8
36.Re4 a4 37.bxa4 Rxa4 38.b3 Ra2 39.Kc4 Rxh2 40.Bf1 h4 41.Kd3 Kd5 42.Bg2 Kd6
43.Bf1 Rd2+ 44.Kc4 Rf2 45.Bh3 Rf3 46.Bg4 Rg3 47.Kd3 h3 48.Be2 h2 49.Rh4 Rg2
50.Rh8 Bb6 51.Bf3 Rd2+ 52.Kc4 e2  0-1

[Event "Prva liga RS seniori 2012"]
[Site "Banja Vrucica SRB"]
[Date "2012.08.15"]
[Round "5"]
[White "Jelecevic,I"]
[Black "Sredojevic,S"]
[Result "1/2-1/2"]
[WhiteElo "2206"]
[BlackElo "2188"]

1.e4 c5 2.Nf3 d6 3.d4 cxd4 4.Nxd4 Nf6 5.Nc3 a6 6.Be3 e5 7.Nf3 Be7 8.Bc4 O-O
9.O-O Qc7 10.Bb3 Bg4 11.h3 Bxf3 12.Qxf3 Nbd7 13.Rfd1 Rfd8 14.Rd2 Rac8 15.Kh1 b5
16.g4 b4 17.Nd5 Nxd5 18.Bxd5 Nf6 19.Rc1 Nxd5 20.Rxd5 Qc4 21.b3 Qc6 22.Bd2 Qb6
23.Kg2 Rc6 24.c4 bxc3 25.Rxc3 Rdc8 26.Rdd3 Qb7 27.Rxc6 Rxc6 28.Rc3 Rxc3 29.Bxc3 h6
30.Qd3 Bg5 31.Qd5 Qc7 32.Bd2 Bxd2 33.Qxd2 Kf8 34.Qd5 Ke7 35.b4 Qb6 36.a3 g6
37.Kf3 Qb5 38.Qd2 Qf1 39.Qxh6 Qh1+ 40.Kg3 Qg1+ 41.Kf3 Qh1+ 42.Kg3 Qg1+  1/2-1/2

[Event "LBV Open A 2012"]
[Site "Roosendaal NED"]
[Date "2012.08.16"]
[Round "1.34"]
[White "Senders,Mischa"]
[Black "Paulet,I"]
[Result "1-0"]
[WhiteElo "1936"]
[BlackElo "2234"]

1.e4 c5 2.Nf3 d6 3.d4 cxd4 4.Nxd4 Nf6 5.Nc3 a6 6.Be3 e5 7.Nb3 Be6 8.Qd2 Be7
9.O-O-O O-O 10.f4 Ng4 11.Kb1 Nxe3 12.Qxe3 exf4 13.Qxf4 Nc6 14.Nd5 Bg5 15.Qg3 Bh4
16.Qe3 Ne5 17.g3 Bg5 18.Nf4 a5 19.h4 Bf6 20.Nxe6 fxe6 21.Nd4 Ng4 22.Qb3 Bxd4
23.Qxe6+ Kh8 24.Rxd4 Nf2 25.Rg1 Rf6 26.Qb3 Qe7 27.Bg2 Raf8 28.a3 Ng4 29.e5 Nxe5
30.Qxb7 Qe8 31.Rgd1 Qg6 32.Qb3 h5 33.Qe3 Rf2 34.Be4 Qg4 35.Rxd6 R2f7 36.R6d4 Re7
37.Qg5 Qxg5 38.hxg5 g6 39.Rd8 Rxd8 40.Rxd8+ Kg7 41.Rd5 a4 42.Rd4 Ra7 43.Rb4 Nf7
44.Rb6 Ne5 45.Rb7+ Rxb7 46.Bxb7 Nf7 47.b3 Nxg5 48.bxa4  1-0

[Event "LBV Open A 2012"]
[Site "Roosendaal NED"]
[Date "2012.08.16"]
[Round "1.22"]
[White "Daamen,Roland"]
[Black "Bosboom,M"]
[Result "0-1"]
[WhiteElo "2042"]
[BlackElo "2383"]

1.e4 c5 2.Nf3 d6 3.d4 cxd4 4.Nxd4 Nf6 5.Nc3 a6 6.Be3 h5 7.h3 e6 8.Qd2 b5
9.Bd3 Nbd7 10.a3 Bb7 11.f4 Nc5 12.e5 dxe5 13.fxe5 Nfd7 14.Bf4 Qb6 15.Nf3 Rc8
16.O-O-O b4 17.axb4 Qxb4 18.Kb1 Bxf3 19.gxf3 Rb8 20.b3 Nxb3 21.cxb3 Qxb3+
22.Ka1 Bb4  0-1

[Event "LBV Open A 2012"]
[Site "Roosendaal NED"]
[Date "2012.08.17"]
[Round "2.13"]
[White "Von Meijenfeldt,Bart"]
[Black "Kleijn,C"]
[Result "0-1"]
[WhiteElo "2151"]
[BlackElo "2418"]

1.e4 c5 2.Nf3 d6 3.d4 cxd4 4.Nxd4 Nf6 5.Nc3 a6 6.Be3 e5 7.Nb3 Be7 8.f3 Be6
9.Qd2 O-O 10.O-O-O a5 11.Bb5 Nbd7 12.Qf2 Rc8 13.Qe1 Qc7 14.Kb1 Nb6 15.Nxa5 Rfd8
16.Qf2 Nfd7 17.Nb3 Bf8 18.g4 Ra8 19.Nd5 Bxd5 20.exd5 Na4 21.h4 Ndb6 22.h5 Nc4
23.Bxc4 Qxc4 24.g5 Qa6 25.c3 Rdc8 26.Rh4 Rc7 27.Qd2 b5 28.f4 Rc4 29.Rdh1 Nc5
30.Bxc5 dxc5 31.Nc1 b4 32.cxb4 e4 33.b3 Rxb4 34.f5 Qd6 35.h6 g6 36.fxg6 fxg6
37.R4h2 Rd4 38.Qc3 Qxd5 39.Rf1 Qxg5 40.Rhf2 Bxh6 41.Qh3 Bg7 42.Rh2 h6 43.Rg2 Rd2
44.Qe6+ Kh7 45.Rxg5 Rb2+ 46.Ka1 Rbxa2+ 47.Kb1 Rb2+  0-1

[Event "ZMDI Open A 2012"]
[Site "Dresden GER"]
[Date "2012.08.18"]
[Round "1"]
[White "Schoene,Mar"]
[Black "Oleksienko,M"]
[Result "0-1"]
[WhiteElo "2184"]
[BlackElo "2535"]

1.e4 c5 2.Nf3 d6 3.d4 cxd4 4.Nxd4 Nf6 5.Nc3 a6 6.Be3 Nc6 7.Be2 e6 8.f4 Qc7
9.Qd2 Be7 10.O-O-O Na5 11.g4 Nc4 12.Bxc4 Qxc4 13.g5 Nd7 14.f5 Ne5 15.h4 Bd7
16.h5 O-O-O 17.g6 hxg6 18.hxg6 Rxh1 19.Rxh1 d5 20.gxf7 dxe4 21.Qg2 exf5 22.Qxg7 Nxf7
23.Rh7 Qf1+ 24.Nd1 f4 25.Qxf7 Bg4 26.b3 Ba3+  0-1

[Event "2nd Isthmia Open A"]
[Site "Korinthia GRE"]
[Date "2012.08.18"]
[Round "1.20"]
[White "Stamos,F"]
[Black "Debashis,D"]
[Result "0-1"]
[WhiteElo "1971"]
[BlackElo "2446"]

1.e4 c5 2.Nf3 d6 3.d4 cxd4 4.Nxd4 Nf6 5.Nc3 a6 6.Be3 e5 7.Nf3 Be7 8.Bc4 O-O
9.O-O Nc6 10.Bg5 Be6 11.Qe2 Rc8 12.Bb3 Na5 13.Rfd1 Nc4 14.Bxf6 Bxf6 15.Bxc4 Bxc4
16.Qd2 Qb6 17.b3 Be6 18.Ne1 Qd4 19.Qxd4 exd4 20.Nb1 Rc6 21.Rd3 Be5 22.Nd2 f5
23.f3 Bf4 24.Nf1 fxe4 25.fxe4 Bg4 26.g3 Bg5  0-1

[Event "2nd Metropolitan International"]
[Site "Los Angeles USA"]
[Date "2012.08.18"]
[Round "9"]
[White "Chiang,J"]
[Black "Yanayt,E"]
[Result "1-0"]
[WhiteElo "1982"]
[BlackElo "2266"]

1.e4 c5 2.Nf3 d6 3.d4 cxd4 4.Nxd4 Nf6 5.Nc3 a6 6.Be3 e5 7.Nb3 Be6 8.f3 Be7
9.Qd2 O-O 10.g4 Qc7 11.O-O-O Nbd7 12.g5 Nh5 13.Kb1 b5 14.Nd5 Bxd5 15.exd5 Nb6
16.Na5 Nxd5 17.Qxd5 Qxa5 18.c4 Rab8 19.Rc1 g6 20.Bd3 Qa4 21.cxb5 axb5 22.Rc7 Rfe8
23.h4 Nf4 24.Bxf4 Qxf4 25.Bxb5 Bd8 26.Rc4 Qf5+ 27.Ka1 Re7 28.Rhc1 Reb7 29.a4 Bb6
30.Ba6 Rd7 31.Bc8 Kg7 32.Bxd7 Qxd7 33.Qc6 Qd8 34.Rb4 Bd4 35.Rxb8 Qxb8 36.Qb5 Qa8
37.Rc6 d5 38.a5 Qf8 39.a6 Qa3+ 40.Kb1 Qxf3 41.Rc7 Qf2 42.Qb7 Bb6 43.Rxf7+ Qxf7
44.Qxb6 Qf5+ 45.Ka2 Qe4 46.Qb7+ Kf8 47.Qb3 Qd4 48.Ka3 Qg1 49.Qb8+ Ke7 50.Qb7+ Ke6
51.a7 Qa1+ 52.Kb3 Qd1+ 53.Kb4 Qe1+ 54.Kb5 Qe2+ 55.Kb6 Qxb2+ 56.Kc7 Qa3 57.Qc6+ Kf5
58.a8=Q Qxa8 59.Qxa8 d4 60.Qf3+  1-0

[Event "LBV Open A 2012"]
[Site "Roosendaal NED"]
[Date "2012.08.18"]
[Round "4.5"]
[White "Haslinger,S"]
[Black "Van der Stricht,G"]
[Result "1-0"]
[WhiteElo "2524"]
[BlackElo "2403"]

1.e4 c5 2.Nf3 d6 3.d4 cxd4 4.Nxd4 Nf6 5.Nc3 a6 6.Be3 Ng4 7.Bg5 h6 8.Bh4 g5
9.Bg3 Bg7 10.Be2 h5 11.Bxg4 hxg4 12.Nd5 Nc6 13.Nf5 Bxb2 14.Rb1 Bxf5 15.exf5 Qa5+
16.Qd2 Bd4 17.Qxa5 Nxa5 18.c3 Bg7 19.O-O Kd7 20.Nb6+ Kc6 21.Nxa8 Rxa8 22.Rfe1 Kd7
23.Re4 Bxc3 24.Rxg4 b5 25.f4 gxf4 26.Bxf4 Nc4 27.h4 b4 28.h5 a5 29.h6 a4
30.Rg3 Bd4+ 31.Kf1 b3 32.axb3 a3 33.bxc4 a2 34.Rd1 a1=Q 35.Rxa1 Rxa1+ 36.Ke2 Rh1
37.Rd3 Bc5 38.Rd1 Rh4 39.Kf3 e5 40.Bg5 Rh5 41.g4  1-0

[Event "LBV Open A 2012"]
[Site "Roosendaal NED"]
[Date "2012.08.18"]
[Round "4.32"]
[White "Von Meijenfeldt,Bart"]
[Black "Senders,Mischa"]
[Result "1/2-1/2"]
[WhiteElo "2151"]
[BlackElo "1936"]

1.e4 c5 2.Nc3 d6 3.Nge2 Nf6 4.d4 cxd4 5.Nxd4 a6 6.Be3 Nbd7 7.Qd2 e6 8.f3 b5
9.O-O-O Bb7 10.Kb1 Rc8 11.g4 Nb6 12.Qf2 Nfd7 13.Bd3 Rxc3 14.bxc3 Na4 15.Bd2 Qc7
16.Nb3 Nxc3+ 17.Bxc3 Qxc3 18.Qa7 Qc7 19.Qe3 Be7 20.c4 bxc4 21.Rc1 d5 22.exd5 Bxd5
23.Bxc4 Bxc4 24.Qd4 Nb6  1/2-1/2

[Event "LBV Open A 2012"]
[Site "Roosendaal NED"]
[Date "2012.08.18"]
[Round "5.27"]
[White "Cebula,Jerzy"]
[Black "Von Meijenfeldt,Bart"]
[Result "0-1"]
[WhiteElo "1999"]
[BlackElo "2151"]

1.e4 c5 2.Nf3 d6 3.d4 cxd4 4.Nxd4 Nf6 5.Nc3 a6 6.Be3 e5 7.Nb3 Be7 8.Qd2 O-O
9.O-O-O Be6 10.f4 Ng4 11.g3 Nd7 12.Kb1 b5 13.f5 Bc4 14.Bg1 Ngf6 15.Qe3 Bxf1
16.Rxf1 b4 17.Nd5 Nxd5 18.exd5 a5 19.Nd2 Bg5 20.Qd3 Bxd2 21.Qxd2 Qc7 22.Be3 Rfc8
23.g4 a4 24.Rc1 a3 25.b3 Nf6 26.Qxb4 Nxd5 27.Qe1 Nc3+ 28.Ka1 Ra4 29.h3 Re4
30.Qd2 Nd5 31.Rhe1 Qc3+ 32.Qxc3 Rxc3 33.Bf2 Rxe1 34.Bxe1 Rxh3 35.c4 Nf4 36.b4 Nd3
37.c5 dxc5 38.bxc5 Nxc1 39.c6 Rh6  0-1

[Event "Stare Mesto Open 2012"]
[Site "Stare Mesto CZE"]
[Date "2012.08.18"]
[Round "10.15"]
[White "Zemlicka,V"]
[Black "Vrtal,J"]
[Result "1-0"]
[WhiteElo "2010"]
[BlackElo "2126"]

1.e4 c5 2.Nf3 d6 3.d4 cxd4 4.Nxd4 Nf6 5.Nc3 a6 6.Be3 e6 7.f3 Be7 8.Qd2 O-O
9.O-O-O b5 10.g4 Bb7 11.h4 Nc6 12.Kb1 Rc8 13.Nce2 Ne5 14.Ng3 d5 15.g5 Ne8
16.Qf2 dxe4 17.Bh3 Qc7 18.Nxe4 Nc4 19.Bc1 Ned6 20.Ng3 Bd5 21.h5 Qc5 22.Rhf1 g6
23.hxg6 hxg6 24.Nge2 Kg7 25.Nf4 Rc7 26.Bxe6 Ba8 27.Bg4 Kg8 28.Rh1 f5 29.gxf6 Bxf6
30.Nfe6 Bxd4 31.Rxd4 Qa7 32.Nxc7 Qxc7 33.Be6+ Kg7 34.Qh4 Qe7 35.Qxe7+  1-0

[Event "25th Panevezys Open"]
[Site "Panevezys LTU"]
[Date "2012.08.19"]
[Round "9.15"]
[White "Zukauskas,Arnas Povilas"]
[Black "Ramanauskas,L"]
[Result "1-0"]
[WhiteElo "1605"]
[BlackElo "1765"]

1.e4 c5 2.Nf3 d6 3.d4 cxd4 4.Nxd4 Nf6 5.Nc3 a6 6.Be3 e6 7.Be2 Be7 8.f4 Qc7
9.O-O O-O 10.Bf3 Nc6 11.h3 Bd7 12.Kh1 Rfd8 13.g4 e5 14.Nf5 Bxf5 15.exf5 exf4
16.Bxf4 Ne5 17.g5 Ne8 18.Nd5 Qd7 19.Bxe5 dxe5 20.Qe2 Bxg5 21.Nb6 Qxf5 22.Bg4 Qg6
23.Nxa8 Bf4 24.Rad1 Rxa8 25.Qd3 Qb6 26.b3 g6 27.Bf3 Ng7 28.Qd6 Qe3 29.Rd3 Qa7
30.Qd7 Qc5 31.c4 Nf5 32.Bd5 Rf8 33.Qxb7 Qa3 34.Qa7 Ng3+ 35.Rxg3 Bxg3 36.Rxf7  1-0

[Event "Husek Vienna Open A"]
[Site "Vienna AUT"]
[Date "2012.08.19"]
[Round "7"]
[White "Deur,Z"]
[Black "Szajbely,Z"]
[Result "0-1"]
[WhiteElo "2165"]
[BlackElo "2240"]

1.e4 c5 2.Nf3 d6 3.d4 cxd4 4.Nxd4 Nf6 5.Nc3 a6 6.Be3 e5 7.Nde2 Be6 8.Qd2 Nbd7
9.f3 h5 10.h4 Rc8 11.Ng3 Be7 12.O-O-O Qa5 13.a3 Qc7 14.Qf2 b5 15.Nd5 Qc6
16.Nxe7 Kxe7 17.Bg5 a5 18.Bd3 Nc5 19.Rhe1 b4 20.axb4 axb4 21.Kd2 Nxd3 22.cxd3 Qa4
23.Rc1 b3 24.Qb6 Rhd8 25.Rc7+ Rxc7 26.Qxc7+ Rd7 27.Qc1 Kd8 28.Qa1 Qd4 29.Ke2 Ra7
30.Qc1 Ra2 31.Rd1 Rxb2+ 32.Rd2 Ra2 33.Nxh5 Qa4 34.Nxg7 Rxd2+ 35.Qxd2 Qa2
36.Nxe6+ fxe6 37.Bxf6+ Kd7 38.Bxe5 dxe5 39.d4 b2 40.dxe5+ Ke8  0-1

[Event "14th Sants Open A"]
[Site "Barcelona ESP"]
[Date "2012.08.20"]
[Round "4.14"]
[White "Ibarra Jerez,JC"]
[Black "Hedman,E"]
[Result "1-0"]
[WhiteElo "2540"]
[BlackElo "2388"]

1.e4 c5 2.Nf3 d6 3.d4 cxd4 4.Nxd4 Nf6 5.Nc3 a6 6.Be3 Ng4 7.Bg5 h6 8.Bh4 g5
9.Bg3 Bg7 10.h3 Nf6 11.Qf3 Qb6 12.O-O-O Nc6 13.Nxc6 Qxc6 14.Be2 Qc5 15.Rhe1 O-O
16.e5 dxe5 17.Bd3 Be6 18.Bxe5 b5 19.Bxf6 Bxf6 20.Ne4 Qe5 21.Nxf6+ Qxf6 22.Qxf6 exf6
23.Be4 Rad8 24.a3 f5 25.Bb7 Rb8 26.Bd5 Rb6 27.Re3 Kg7 28.Rc3 Kf6 29.Bxe6 fxe6
30.Rc7 e5 31.Rdd7 e4 32.Kd2 Re8 33.Rh7 Rd6+ 34.Ke2 Kg6 35.g4 f4 36.Rcg7+ Kf6
37.Rxh6+ Kxg7 38.Rxd6 e3 39.Rd3 f3+ 40.Ke1 exf2+ 41.Kxf2 Re2+ 42.Kxf3 Rxc2
43.Ke4 Kf6 44.Rd6+ Kf7 45.b4  1-0

[Event "ZMDI Open A 2012"]
[Site "Dresden GER"]
[Date "2012.08.20"]
[Round "3"]
[White "Pfeffer,R"]
[Black "Kieslich,Aaron"]
[Result "0-1"]
[WhiteElo "2244"]
[BlackElo "1987"]

1.e4 c5 2.Nf3 d6 3.d4 cxd4 4.Nxd4 Nf6 5.Nc3 a6 6.Be3 e6 7.Qd2 b5 8.f3 Nbd7
9.g4 Nb6 10.O-O-O Bb7 11.Qf2 Nfd7 12.Kb1 Rc8 13.Nce2 Nc4 14.Bc1 d5 15.exd5 Bxd5
16.Nf4 Ndb6 17.Bxc4 Rxc4 18.b3 Rc8 19.Ndxe6 fxe6 20.Nxe6 Qf6 21.Bb2 Qg6 22.Bxg7 Bxg7
23.Nxg7+ Qxg7 24.Qxb6 Qc3 25.Rhe1+ Kf7 26.Re2 Rhe8 27.Red2 Re1 28.Qf2 Rxd1+
29.Rxd1 Qxf3 30.Qxf3+ Bxf3 31.Rf1 Rc3 32.Kc1 Kg6 33.Kd2 b4 34.a3 a5 35.h4 Bxg4
36.axb4 axb4 37.Rf4 Bf5 38.Rxb4 Rxc2+ 39.Ke3 Rh2 40.Kf3 Be6 41.Rb6 Kf6  0-1